| 000 | 00534nam a22001817a 4500 | ||
|---|---|---|---|
| 005 | 20251108170826.0 | ||
| 008 | 250721s1982 xx 000 0 ara d | ||
| 082 | 1 | 4 | _a956/تيز |
| 100 | 1 | _aتيزيني، طيب | |
| 245 | 1 | 0 | _aالفكر العربي في بواكيره و آفاقة الأولى / |
| 264 | 1 |
_aدمشق : _bدار دمشق، _c1982. |
|
| 300 | _a2ج | ||
| 650 | 1 | 7 | _aالفكر الإسلامي |
| 650 | 1 | 7 | _aالفكر العربي |
| 650 | 1 | 7 | _aتاريخ العرب |
| 942 |
_2ddc _cBK |
||
| 999 |
_c49888 _d49888 |
||